| 000 | 00998 a2200229 4500 | ||
|---|---|---|---|
| 999 |
_c5443 _d5443 |
||
| 020 | _a9789251086568 | ||
| 020 | _a9251086567 | ||
| 050 | 0 | 0 | _aS494.5 VAN 2015 |
| 100 | 1 |
_aVan Nguyen, Minh, _eauthor. |
|
| 245 | 1 | 0 |
_aUses of geothermal energy in food and agriculture : _bopportunities for developing countries / _cMinh Van Nguyen, Sigurjn̤ Arason, Margeir Gissurarson, Pl̀l Gunnar Pl̀sson. |
| 264 | 1 |
_aRome : _bFood and Agriculture Organization of the United Nations, _c2015. |
|
| 264 | 4 | _c♭2015 | |
| 300 |
_ax, 52 pages : _billustrations (chiefly color), color maps ; |
||
| 500 | _aIncludes bibliographical references (p. 47-52) | ||
| 504 | _aIncludes bibliographical references (pages 47-52). | ||
| 650 | 0 | _aAgriculture and energy | |
| 650 | 0 | _aGeothermal resources | |
| 650 | 0 | _aAgricultural industries | |
| 710 | 2 |
_aFood and Agriculture Organization of the United Nations, _eissuing body. |
|
| 942 |
_2lcc _cBK _h494.5 _iCHO _kS |
||